Responses for Show #4522 - Tuesday, April 13, 2004

Scott Renzoni game 4.

Contestants

[<< previous game]

Billy Buchsbaum, a financial analyst from Houston, Texas

Kristine Beck, a receptionist and editor from Madison, Wisconsin

Scott Renzoni, a bartender and actor from Burlington, Vermont (whose 3-day cash winnings total $79,398)

[next game >>]

Jeopardy! Round responses

BIOLOGY
(Alex: Sounds tough!)
THEY PUT ME ON HOLD AGAIN!
PRESIDENTIAL COUPLES... NOT!
SIT, TAKE A LOAD OFF
"NEW" PLACES
(Alex: And finally, something you hear in my house a lot...)
PICK UP YOUR CLOTHES
    $200 3
cloning

Billy
    $200 11
"What's Love Got to Do with It"

Billy
    $200 24
Marilyn Monroe & James Monroe

Kristine
    $200 14
bucket seats

Renzo
    $200 1
New Mexico

Renzo
    $200 19
hose

Billy
    $400 4
(Kristine: What are bacterium?)

worm

KristineBilly
    $400 12
"Heat Wave"

Kristine
    $400 25
Amy Grant & Ulysses S. Grant

Renzo
    $400 15
gave up his seat

Renzo
    $400 2
Newcastle

Billy
    $400 20
suit

Billy
    $600 5
vertebrates

Kristine
    $600 13
"Three Times a Lady"

Billy
    $600 26
Maud Adams & John Adams

Triple Stumper
    $600 16
the Driver's Seat

Renzo
    $1,000 8
New Delhi (India)

Renzo
    $600 21
sweats

Renzo
    $800 6
seeds

Renzo
    $800 29
[The end-of-round signal sounds.]

"Ain't No Mountain High Enough"

Billy
    $800 27
Abigail Van Buren & Martin Van Buren

Billy
    $800 17
Bleachers

Triple Stumper
    $800 9
New Zealand

Billy
    $800 22
shorts

Renzo
    $1000 7
(Kristine: What is plasma?)

cytoplasm

Kristine
Triple Stumper
    $1000 28
Rita Coolidge & Calvin Coolidge

Billy
    $1000 18
beanbag chairs

Renzo
    $1000 10
New Guinea

Triple Stumper
    $1000 23
(Alex: With a minute to go.)

shift

Kristine

Scores at the first commercial break (after clue 15):

Renzo Kristine Billy
$2,600 -$400 $2,600

Scores at the end of the Jeopardy! Round:

Renzo Kristine Billy
$6,000 $800 $5,800

Double Jeopardy! Round responses

HISTORIC PEOPLE
MOVIE QUOTES
(Alex: We want you to identify the film.)
ZEUS & FAMILY
THE SEA'S BOUNTY
"FU" ON YOU
THAT'S ALL SHE WROTE
    $400 11
Queen Victoria

Billy
    $400 17
Star Wars

Kristine
    $400 22
(Kristine: Who was Apollo?)

Poseidon or Hades

RenzoKristine
    $400 16
scallops

Kristine
    $400 1
fugitive

Renzo
    $400 2
Beatrix Potter

Kristine
    $800 12
Genghis Khan

Triple Stumper
    $800 18
Psycho

Renzo
    $800 23
(Alex: Minute to go.)

Hera

Renzo
    $800 27
crab

Renzo
    $800 3
(Kristine: What is maroon?)

fuchsia

RenzoKristine
    $800 4
Alice B. Toklas

Renzo
    $1200 13
Jacques Marquette

Triple Stumper
    $4,000 19
The Graduate

Renzo
    $1200 24
(Kristine: Who is Artemis or Diana?)

Aphrodite

Kristine
Triple Stumper
    $1200 28
anchovies

Kristine
    $1200 8
fuselage

Billy
    $2,000 5
Madeleine Albright

Renzo
    $1600 14
Robespierre

Renzo
    $1600 20
(Kristine: What is "The Exorcist?")

Planet of the Apes

Kristine
Triple Stumper
    $1600 25
Cronus

Renzo
    $1600 29
sole

Kristine
    $1600 9
fulcrum

Renzo
    $1600 6
Callie Khouri

Triple Stumper
    $2000 15
Suleiman

Billy
    $2000 21
Some Like It Hot

Triple Stumper
    $2000 26
Rhea

Billy
    $2000 30
mussels

Triple Stumper
    $2000 10
Future Shock

Billy
    $2000 7
Ariel Durant

Renzo

Scores at the end of the Double Jeopardy! Round:

Renzo Kristine Billy
$23,600 $800 $13,400

[wagering suggestions for these scores]

Final Jeopardy! Round responses

WORD HISTORY
KristineWhat is forecast?
$799
BillyWhat is meteorology?
$11,799
RenzoWhat is forecast?
$10,000
forecast

Final scores:

Renzo Kristine Billy
$33,600 $1,599 $1,601
4-day champion: $112,998 3rd place: $1,000 2nd place: $2,000

Game dynamics:

Coryat scores:

Renzo Kristine Billy
$19,600 $800 $13,400
23 R
(including 3 DDs),
0 W
9 R,
6 W
16 R,
0 W

Combined Coryat: $33,800

[game clues] [game scores] [suggest correction]

Game tape date: 2004-01-28
The J! Archive is created by fans, for fans. Scraping, republication, monetization, and malicious use prohibited; this site may use cookies and collect identifying information. See terms. The Jeopardy! game show and all elements thereof, including but not limited to copyright and trademark thereto, are the property of Jeopardy Productions, Inc. and are protected under law. This website is not affiliated with, sponsored by, or operated by Jeopardy Productions, Inc. Join the discussion at JBoard.tv.